[Event "Degremont GP"]
[Site "Clichy FRA"]
[Date "2004.03.13"]
[Round "1.2"]
[White "Collas,D"]
[Black "Relange,E"]
[Result "1/2-1/2"]
[WhiteElo "2436"]
[BlackElo "2505"]

1.Nf3 Nf6 2.c4 g6 3.Nc3 Bg7 4.e4 d6 5.d4 O-O 6.Be2 e5 7.O-O Nc6 8.d5 Ne7
9.b4 a5 10.Ba3 axb4 11.Bxb4 Re8 12.c5 dxc5 13.Bxc5 Nd7 14.Be3 b6 15.Bb5 Bb7
16.a4 Nc8 17.Qb3 Nd6 18.Nd2 Ba6 19.f3 Bf8 20.Bxa6 Rxa6 21.Nb5 Nb7 22.Qc4 Bc5
23.Bxc5 Ndxc5 24.Nb3 Qe7 25.Nxc5 Nxc5 26.Ra2 Rea8 27.Rfa1 Ra5 28.g3 Qd7 29.Kg2 h5
30.h4 Kh7 31.Nc3 R8a7  1/2-1/2

[Event "Degremont GP"]
[Site "Clichy FRA"]
[Date "2004.03.13"]
[Round "1.5"]
[White "Collas,D"]
[Black "Relange,E"]
[Result "1-0"]
[WhiteElo "2436"]
[BlackElo "2505"]

1.Nf3 Nf6 2.c4 g6 3.Nc3 Bg7 4.e4 d6 5.d4 O-O 6.Be2 e5 7.O-O Nc6 8.d5 Ne7
9.b4 a5 10.Ba3 axb4 11.Bxb4 b6 12.a4 Re8 13.Qb3 Nd7 14.Rfd1 Nc5 15.Qc2 Bh6
16.a5 f5 17.axb6 Rxa1 18.Rxa1 cxb6 19.Bxc5 bxc5 20.Nd2 Kh8 21.Bf3 Ng8 22.Nb3 Rf8
23.Na5 Qg5 24.Nb5 fxe4 25.Bxe4 Rf6 26.Nc6 Bh3 27.Nd8 Bf8 28.Ra7 Bf5 29.g3 Bxe4
30.Qxe4 Be7 31.Ne6 Qf5 32.Qxf5 gxf5 33.Rd7 f4 34.Nxd6 h6 35.Ne4 Rg6 36.Kg2 fxg3
37.hxg3 Rg4 38.f3 Rg6 39.N4xc5 Bxc5 40.Nxc5 Rb6 41.Ne4 Rb2+ 42.Kh3 Rc2 43.c5 h5
44.c6 h4 45.gxh4 Nf6 46.Nxf6  1-0

[Event "FSGM March"]
[Site "Budapest HUN"]
[Date "2004.03.15"]
[Round "10"]
[White "Flumbort,A"]
[Black "Szeberenyi,A"]
[Result "1/2-1/2"]
[WhiteElo "2481"]
[BlackElo "2450"]

1.d4 Nf6 2.c4 g6 3.Nc3 Bg7 4.e4 d6 5.Be2 O-O 6.Nf3 e5 7.O-O Nc6 8.d5 Ne7
9.b4 Nh5 10.Qe1 f5 11.Ng5 Nf6 12.Bf3 c6 13.Be3 h6 14.Ne6 Bxe6 15.dxe6 fxe4
16.Nxe4 Nxe4 17.Bxe4 Nf5  1/2-1/2

[Event "ch-VIE"]
[Site "Dalat City VIE"]
[Date "2004.03.15"]
[Round "5"]
[White "Duong The Anh"]
[Black "Ho Van Huynh"]
[Result "1-0"]
[WhiteElo "2281"]
[BlackElo "2293"]

1.d4 Nf6 2.c4 g6 3.Nc3 Bg7 4.e4 d6 5.Nf3 O-O 6.Be2 e5 7.O-O Nc6 8.d5 Ne7
9.b4 a5 10.Ba3 axb4 11.Bxb4 Ne8 12.c5 f5 13.a4 h6 14.Nd2 f4 15.Nc4 h5 16.cxd6 cxd6
17.a5 Rf6 18.Nb5 Bf8 19.Qb3 Kh7 20.Qa3 Ra6 21.Rac1 Kh6 22.Rc3 g5 23.Nb6 Bg4
24.f3 Bc8 25.Rfc1 Rxb6 26.axb6 Qxb6+ 27.Kf1 Bd7 28.Ba5 Qa6 29.Nc7 Qa7 30.Qb4 Qd4
31.Rc4 Qa7 32.Bb6 Qb8 33.Ra1 Nxc7 34.Bxc7 Qe8 35.Bxd6 g4 36.Rc7 gxf3 37.Bxf3 Kg6
38.Bxe7 Bxe7 39.Qxb7 Bb5+ 40.Kg1 Rf7 41.d6 Bxd6 42.Rxf7 Bc5+ 43.Kh1  1-0

[Event "21st Open"]
[Site "Reykjavik ISL"]
[Date "2004.03.15"]
[Round "8"]
[White "Pogorelov,R"]
[Black "Nataf,IA"]
[Result "0-1"]
[WhiteElo "2451"]
[BlackElo "2569"]

1.Nf3 Nf6 2.c4 g6 3.Nc3 Bg7 4.e4 d6 5.d4 O-O 6.Be2 e5 7.O-O Nc6 8.d5 Ne7
9.b4 Nh5 10.Re1 f5 11.Ng5 Nf6 12.f3 Kh8 13.Be3 Bh6 14.Nf7+ Rxf7 15.Bxh6 f4
16.c5 Neg8 17.Bg5 h6 18.Bh4 Rg7 19.Bf2 g5 20.g4 fxg3 21.hxg3 Nh5 22.Kh2 g4
23.Rh1 Qg5 24.fxg4 Nhf6 25.Qc1 Nxg4+ 26.Kg2 Qg6 27.Be1 Bd7 28.c6 bxc6 29.dxc6 Bxc6
30.Bxg4 Qxg4 31.Qe3 Rf8 32.Bd2 Rf4 33.Rae1 Qg6 34.Qd3 Rg4 35.Rh3 h5 36.Reh1 Nf6
37.Kf1 Rxg3 38.Rxg3 Qxg3 39.Qxg3 Rxg3 40.Rh4 Rg4 41.Rxg4 hxg4 42.Bg5 Kg7
43.Kf2 Kg6 44.Be3 a6 45.Kg3 Bxe4 46.Ba7 Kf5 47.Bb8 d5 48.Bxc7 d4 49.Nd1 Nh5+
50.Kf2 g3+ 51.Kg1 Nf4  0-1

[Event "TCh-AUT 2003-4"]
[Site "Jenbach AUT"]
[Date "2004.03.18"]
[Round "8"]
[White "Farago,I"]
[Black "Kotz,H"]
[Result "0-1"]
[WhiteElo "2506"]
[BlackElo "2350"]

1.d4 Nf6 2.c4 g6 3.Nc3 Bg7 4.e4 d6 5.Be2 O-O 6.Nf3 e5 7.O-O Nc6 8.d5 Ne7
9.b4 a5 10.Ba3 b6 11.bxa5 Rxa5 12.Bb4 Ra8 13.a4 Re8 14.Qd3 Bb7 15.Rfd1 Qd7
16.Nd2 Red8 17.Nb3 c5 18.dxc6 Nxc6 19.Ba3 Nd4 20.Rab1 Nxe2+ 21.Qxe2 Qc6 22.f3 Rac8
23.Nd2 Bh6 24.Rb3 Ba6 25.Nb5 Bxb5 26.axb5 Qc7 27.Rd3 Ne8 28.Kf1 f5 29.c5 dxc5
30.Nc4 Bg7 31.Bb2 Rd4 32.Bxd4 cxd4 33.Nb2 Nd6 34.Rb3 fxe4 35.fxe4 Qb7 36.Re1 Qf7+
37.Qf3 Qe6 38.Kg1 Bh6 39.Qd3 Be3+ 40.Kh1 Nxe4 41.Nd1 Nc5  0-1

[Event "TCh-AUT 2003-4"]
[Site "Jenbach AUT"]
[Date "2004.03.18"]
[Round "8"]
[White "Babula,V"]
[Black "Polzin,R"]
[Result "0-1"]
[WhiteElo "2594"]
[BlackElo "2497"]

1.d4 Nf6 2.c4 g6 3.Nc3 Bg7 4.e4 d6 5.Nf3 O-O 6.Be2 e5 7.O-O Nc6 8.d5 Ne7
9.Nd2 Ne8 10.b4 f5 11.c5 Nf6 12.f3 f4 13.Nc4 g5 14.a4 Ng6 15.Ba3 Rf7 16.b5 dxc5
17.Bxc5 h5 18.a5 g4 19.Kh1 g3 20.b6 Ne8 21.bxc7 Rxc7 22.Bg1 Bf8 23.d6 Rg7
24.Qd5+ Kh7 25.Nxe5 Nf6 26.Qd4 Nxe5 27.Qxe5 Bxd6 28.Qd4 Qe7 29.Nd5 Nxd5 30.Qxd5 Be5
31.Rfb1 Bh3 32.Bf1 Rd8 33.Qb5 gxh2 34.Bxh2 Rd2 35.Rd1 Bxg2+ 36.Bxg2 Rdxg2
37.Qf1 Rxh2+ 38.Kxh2 Rg3  0-1

[Event "TCh-AUT 2003-4"]
[Site "Jenbach AUT"]
[Date "2004.03.21"]
[Round "11"]
[White "Herndl,H"]
[Black "Amann,G"]
[Result "1/2-1/2"]
[WhiteElo "2313"]
[BlackElo "2292"]

1.Nf3 Nf6 2.d4 g6 3.c4 Bg7 4.Nc3 d6 5.e4 O-O 6.Be2 e5 7.O-O Nc6 8.d5 Ne7
9.Ne1 Nd7 10.Nd3 f5 11.f3 f4 12.g4 g5  1/2-1/2

[Event "IV Open"]
[Site "Dos Hermanas ESP"]
[Date "2004.03.31"]
[Round "7"]
[White "Moreno Carnero,J"]
[Black "Matamoros Franco,C"]
[Result "0-1"]
[WhiteElo "2525"]
[BlackElo "2490"]

1.d4 Nf6 2.Nf3 g6 3.c4 Bg7 4.Nc3 O-O 5.e4 d6 6.Be2 e5 7.O-O Nc6 8.d5 Ne7
9.Bg5 h6 10.Bxf6 Bxf6 11.b4 Kg7 12.c5 Ng8 13.a4 a5 14.cxd6 cxd6 15.Nd2 axb4
16.Nb5 Bg5 17.Nc4 Ra6 18.Qb3 Nf6 19.Bf3 Ne8 20.Qxb4 f5 21.Rfe1 Be7 22.a5 Nf6
23.Nc3 Nd7 24.Na4 Nf6 25.Nab6 fxe4 26.Bxe4 Nxe4 27.Rxe4 Bf5 28.Ree1 Rf7 29.Ra2 Bf8
30.Nd2 Qf6 31.Ne4 Bxe4 32.Qxe4 Rxa5 33.Nd7 Qd8 34.Nxf8 Rxf8 35.Rb2 Rf7 36.Reb1 Qc8
37.Rb6 Qc5 38.Rxb7 Qxf2+ 39.Kh1 Ra7 40.Rxa7 Qxa7 41.h3 h5 42.Qb4 Qa2 43.Rd1 Qe2
44.Rg1 Qa6 45.Kh2 Rb7 46.Ra1 Qb6 47.Qc4 Qc5 48.Qxc5 dxc5 49.Ra5 Rc7 50.Kg3 c4
51.d6 Rd7 52.Rxe5 Rxd6 53.Rc5 Rd4 54.Rc6 Kh6 55.Rc5 h4+ 56.Kf3 g5 57.Rc6+ Kh5
58.g4+ hxg3 59.Kxg3 Rd3+ 60.Kg2 c3 61.Kh2 g4  0-1

[Event "Open ch-NOR"]
[Site "Oslo NOR"]
[Date "2004.04.06"]
[Round "4"]
[White "Hole,O"]
[Black "Hunt,A"]
[Result "1/2-1/2"]
[WhiteElo "2300"]
[BlackElo "2411"]

1.Nf3 Nf6 2.c4 g6 3.Nc3 Bg7 4.e4 d6 5.d4 O-O 6.Be2 e5 7.O-O Nc6 8.d5 Ne7
9.b4 c6 10.a4 a5 11.bxa5 c5 12.Bd2 Ne8 13.Qc2 f5 14.Rfb1 f4 15.Ng5 Nc7 16.Ne6 Nxe6
17.dxe6 Rxa5 18.Ra2 h5 19.Nd5 Ra7 20.Rab2 Nc6 21.Bc3 Re8 22.Qd1 Rxe6 23.Nb6 Rf6
24.Nxc8 Qxc8 25.Rb6 Bf8 26.Qd5+ Kg7 27.a5 Rf7 28.Bd1 Rc7 29.g3 fxg3 30.hxg3 Kh7
31.Kg2 Ra6 32.Rxa6 bxa6 33.Rb6  1/2-1/2

[Event "Open ch-NOR"]
[Site "Oslo NOR"]
[Date "2004.04.07"]
[Round "5"]
[White "Ekeberg,C"]
[Black "Werner,BM"]
[Result "1-0"]
[WhiteElo "2252"]
[BlackElo "2137"]

1.Nf3 Nf6 2.c4 g6 3.Nc3 Bg7 4.e4 d6 5.d4 O-O 6.Be2 e5 7.O-O Nc6 8.d5 Ne7
9.b4 Ne8 10.c5 f5 11.Nd2 Nf6 12.f3 f4 13.Ba3 Rf7 14.Nc4 g5 15.b5 Ng6 16.cxd6 cxd6
17.Nxd6 Bf8 18.Nxf7 Qb6+ 19.Kh1 Bxa3 20.d6 Kxf7 21.Qb3+ Be6 22.Qxa3 g4 23.fxg4 Bxg4
24.Bc4+ Kg7 25.Nd5 Nxd5 26.Bxd5 Be2 27.Rfc1 f3 28.Qc5 fxg2+ 29.Kxg2 Nf4+
30.Kg3 Bxb5 31.Qxb6 axb6 32.Rc7+ Kh6 33.Rxb7 Rf8 34.Rf7 Rd8 35.Rb1 Ne2+ 36.Kf2 Nd4
37.a4 Bxa4 38.Rxb6 Kg6 39.d7+ Kg5 40.Rg7+  1-0

[Event "8th Neckar Open"]
[Site "Deizisau GER"]
[Date "2004.04.08"]
[Round "1"]
[White "Burmakin,V"]
[Black "Baeuerle,F"]
[Result "1-0"]
[WhiteElo "2596"]
[BlackElo "2131"]

1.d4 Nf6 2.Nf3 g6 3.c4 Bg7 4.Nc3 O-O 5.e4 d6 6.Be2 e5 7.O-O Nc6 8.Be3 Ng4
9.Bg5 Qd7 10.dxe5 Ngxe5 11.Qd2 Nxf3+ 12.Bxf3 Nd4 13.Bd1 Re8 14.Nd5 Rxe4 15.Nf6+ Bxf6
16.Bxf6 c5 17.f3 Re5 18.f4 Re4 19.f5 Qe8 20.fxg6 fxg6 21.Qh6 Re7 22.Bxe7 Qxe7
23.Bf3 Be6 24.Rae1 Qf8 25.Qxf8+ Rxf8 26.Bd5 Rxf1+ 27.Rxf1 Bxd5 28.cxd5 Kg7
29.g4 g5 30.Rf2 Nb5 31.Kf1 Nc7 32.Ke1 h6 33.h3 b5 34.Rf3 c4 35.Rf5 Na6 36.Kd2 Nb4
37.a3 Nd3 38.Kc3 a5 39.b3 Ne5 40.bxc4 Nxc4 41.a4 Na3 42.Kb3 b4 43.Rf1  1-0

[Event "8th Neckar Open"]
[Site "Deizisau GER"]
[Date "2004.04.09"]
[Round "2"]
[White "Epishin,V"]
[Black "Kabisch,T"]
[Result "1-0"]
[WhiteElo "2633"]
[BlackElo "2263"]

1.d4 Nf6 2.c4 g6 3.Nc3 Bg7 4.e4 d6 5.Nf3 O-O 6.Be2 e5 7.O-O Nc6 8.d5 Ne7
9.b4 Nh5 10.Qc2 h6 11.c5 f5 12.Rd1 fxe4 13.Nxe4 Nf4 14.Bxf4 exf4 15.Rac1 Nf5
16.cxd6 cxd6 17.Qc7 g5 18.h3 Qe8 19.Bd3 Qf7 20.a4 Re8 21.Re1 Re7 22.Qd8+ Qf8
23.Qxf8+ Bxf8 24.a5 a6 25.Ned2 Rxe1+ 26.Rxe1 Bd7 27.Nc4 Rd8 28.Nb6 Ne7 29.Rc1 Be8
30.Rc7 Bf7 31.Rxb7 Nxd5 32.Bc4 Ne7 33.Bxf7+ Kxf7 34.b5 axb5 35.a6 Ke6 36.a7 Nc6
37.a8=Q Rxa8 38.Nxa8 b4 39.Nc7+ Kf5 40.Nd5 Ke4 41.Nxb4 Na5 42.Rf7  1-0

[Event "6th Foxwoods Open"]
[Site "Connecticut USA"]
[Date "2004.04.10"]
[Round "6"]
[White "Sharavdorj,D"]
[Black "Mac Intyre,P"]
[Result "1-0"]
[WhiteElo "2444"]
[BlackElo "2262"]

1.d4 Nf6 2.Nf3 g6 3.c4 Bg7 4.Nc3 O-O 5.e4 d6 6.Be2 e5 7.O-O Nc6 8.d5 Ne7
9.Nd2 c6 10.a3 a6 11.b4 Bd7 12.dxc6 bxc6 13.Nb3 Be6 14.Qc2 Qc8 15.Bg5 d5
16.Na4 h6 17.Bxf6 Bxf6 18.Nb6 Qb8 19.Nxa8 Qxa8 20.Nc5 Bc8 21.cxd5 cxd5 22.exd5  1-0

[Event "FSGM April"]
[Site "Budapest HUN"]
[Date "2004.04.11"]
[Round "9"]
[White "Groetz,H"]
[Black "Vajda,L"]
[Result "1/2-1/2"]
[WhiteElo "2359"]
[BlackElo "2482"]

1.d4 Nf6 2.c4 g6 3.Nc3 Bg7 4.e4 d6 5.Nf3 O-O 6.Be2 e5 7.O-O Nc6 8.d5 Ne7
9.Ne1 Nd7 10.Nd3 f5 11.f3 Nf6 12.a3 a5 13.b3 Nh5 14.Rb1 f4 15.b4 axb4 16.axb4 g5  1/2-1/2

[Event "ACP Blitz Prelim1"]
[Site "playchess.com INT"]
[Date "2004.04.12"]
[Round "1"]
[White "Pelletier,Y"]
[Black "Dimitrijevic,A"]
[Result "1-0"]
[WhiteElo "2581"]
[BlackElo "2292"]

1.Nf3 Nf6 2.c4 g6 3.Nc3 Bg7 4.e4 O-O 5.d4 d6 6.Be2 e5 7.O-O Nc6 8.d5 Ne7
9.Bg5 h6 10.Bxf6 Bxf6 11.b4 Bg7 12.Nd2 f5 13.f3 f4 14.c5 g5 15.Nc4 Rf7 16.cxd6 cxd6
17.Nb5 Rf6 18.a4 h5 19.Rc1 Bf8 20.a5 g4 21.fxg4 hxg4 22.Bxg4 Bxg4 23.Qxg4+ Rg6
24.Qh3 a6 25.Nc3 Rc8 26.Nb6 Rc7 27.Ne2 Bh6 28.Rxc7 Qxc7 29.Rc1 Qd8 30.Rc3 Kf7
31.Kf1 Qe8 32.Rc7 Bf8 33.Qd7 Rh6 34.Qxe8+ Kxe8 35.Kg1 Rf6 36.Kf2 Rh6 37.h3 Ng6
38.Ng1 Be7 39.Nf3 Nh4 40.Rxb7 Rg6 41.Rxe7+ Kxe7 42.Nxh4 Rg3 43.Nf3 Rg8 44.b5  1-0

[Event "2nd Nabokov Mem"]
[Site "Kiev UKR"]
[Date "2004.04.21"]
[Round "11"]
[White "Chokhonelidze,G"]
[Black "Berezin,V UKR"]
[Result "1/2-1/2"]
[WhiteElo "2339"]
[BlackElo "2371"]

1.d4 Nf6 2.c4 g6 3.Nc3 Bg7 4.e4 d6 5.Nf3 O-O 6.Be2 e5 7.O-O Nc6 8.d5 Ne7
9.Ne1 Nd7 10.f3 f5 11.Be3 f4 12.Bf2 g5 13.Nd3 Nf6 14.c5 Rf7 15.Re1 Bf8 16.cxd6 cxd6  1/2-1/2

[Event "6th Open"]
[Site "Dubai UAE"]
[Date "2004.04.23"]
[Round "5"]
[White "Gelashvili,T"]
[Black "Fedorov,Alex"]
[Result "0-1"]
[WhiteElo "2542"]
[BlackElo "2616"]

1.d4 Nf6 2.c4 g6 3.Nc3 Bg7 4.e4 d6 5.Nf3 O-O 6.Be2 e5 7.O-O Nc6 8.d5 Ne7
9.Be3 Ng4 10.Bd2 f5 11.exf5 gxf5 12.Nh4 Nf6 13.f4 e4 14.Be3 c5 15.g3 Ng6
16.Nxg6 hxg6 17.Qd2 Kf7 18.b4 b6 19.bxc5 bxc5 20.Rab1 Rh8 21.Rb3 Rh7 22.Rfb1 Qh8
23.h4 Qd8 24.Nd1 Rh8 25.Nf2 Qc7 26.Kg2 Nh7 27.Qd1 Qa5 28.Qc2 Re8 29.Nh3 Kg8
30.Bd2 Qc7 31.Be3 Bd4 32.Qd2 Qg7 33.Rd1 Bf6 34.Rdb1 Bd4 35.Ra3 Re7 36.Rd1 Bb2
37.Rb3 Rb7 38.Qa5 Rxb3 39.axb3 Rb8 40.Qa4 Bd7 41.Qxa7 Rxb3 42.Bf2 e3 43.Be1 Bd4
44.Qa8+ Qf8 45.Qxf8+ Kxf8 46.Ng1 Rb2 47.Rd3 Rc2 48.Kf1 Rxc4 49.Rxe3 Rc1  0-1

[Event "6th Open"]
[Site "Dubai UAE"]
[Date "2004.04.23"]
[Round "5"]
[White "Eljanov,P"]
[Black "Mariano,N"]
[Result "1-0"]
[WhiteElo "2592"]
[BlackElo "2416"]

1.d4 Nf6 2.Nf3 g6 3.c4 Bg7 4.Nc3 O-O 5.e4 d6 6.Be2 e5 7.O-O Nc6 8.d5 Ne7
9.b4 Kh8 10.c5 Neg8 11.Nd2 Ne8 12.a4 f5 13.Ba3 Nh6 14.b5 fxe4 15.Ncxe4 Nf5
16.Rc1 Rf7 17.cxd6 Nexd6 18.Bg4 Nxe4 19.Nxe4 Nd4 20.Bxc8 Rxc8 21.d6 Bf8 22.Bb2 cxd6
23.Bxd4 Rxc1 24.Bxe5+ Kg8 25.Qxc1 dxe5 26.Rd1 Rc7 27.Qb1 Qe7 28.Qb3+ Kg7
29.Qd5 h6 30.g3 Kh7 31.a5 Bg7 32.b6 axb6 33.axb6 Rc6 34.Qxc6 bxc6 35.Rb1 Qb7
36.Nc5 Qb8 37.b7 e4 38.Na6 Qa7 39.b8=Q Qxa6 40.Qb4 e3 41.fxe3 Qe2 42.Re1 Qc2
43.Qb1 Qc3 44.Qc1 Qb4 45.Re2 c5 46.Rc2 Bf8 47.Rc4 Qb3 48.Kf2 h5 49.Qc2 Qa3
50.Ra4  1-0

[Event "6th Open"]
[Site "Dubai UAE"]
[Date "2004.04.24"]
[Round "6"]
[White "Miroshnichenko,E"]
[Black "Mamedov,Rau"]
[Result "1-0"]
[WhiteElo "2599"]
[BlackElo "2494"]

1.Nf3 Nf6 2.c4 g6 3.Nc3 Bg7 4.e4 d6 5.d4 O-O 6.Be2 e5 7.O-O Nc6 8.d5 Ne7
9.b4 Nh5 10.Re1 c6 11.Nd2 Nf4 12.Bf1 g5 13.a4 a5 14.bxa5 Qxa5 15.Re3 c5 16.g3 Nfg6
17.Nb5 Qd8 18.Re1 Ra6 19.Ra3 h6 20.Qh5 Bd7 21.Bh3 Qc8 22.Bxd7 Qxd7 23.Nc3 Nh8
24.h4 f6 25.hxg5 fxg5 26.Nf1 Nc8 27.Ne3 Ne7 28.Rb3 Nf7 29.Bd2 Ra7 30.Kg2 Rfa8
31.Reb1 Nd8 32.Ng4 Nf7 33.Rb6 Nc8 34.R6b5 Ne7 35.Nd1 Rf8 36.a5 Rfa8 37.Nde3 Rf8
38.Rb6 Kh7 39.Nf1 Nc8 40.R6b3 Ne7 41.Rf3 Qe8 42.Rf6  1-0

[Event "TCh-RUS w"]
[Site "Sochi RUS"]
[Date "2004.04.24"]
[Round "5"]
[White "Parkhomenko,E"]
[Black "Malashenko,A"]
[Result "0-1"]
[WhiteElo "2119"]
[BlackElo "2162"]

1.d4 g6 2.c4 Bg7 3.Nc3 Nf6 4.e4 d6 5.Nf3 O-O 6.Be2 Nc6 7.O-O e5 8.d5 Ne7
9.b4 a5 10.Ba3 b6 11.bxa5 Rxa5 12.Bb4 Ra8 13.a4 Ne8 14.Nd2 f5 15.Nb5 Bd7
16.a5 bxa5 17.Bxa5 fxe4 18.Nxe4 Rxa5 19.Rxa5 c6 20.Ra7 cxb5 21.cxb5 Rf4 22.Bd3 Nc8
23.Rb7 Nb6 24.Qa1 Bc8 25.Ra7 Nf6 26.Nxf6+ Bxf6 27.Qa2 e4 28.Be2 Bd4 29.Qd2 Qf6
30.Bd1 Nc4 31.Qa2 Nb2 32.Ra8 Rxf2 33.Rxc8+ Kg7 34.Rc7+ Kh6 35.Bf3 Rxf3+  0-1

[Event "6th Open"]
[Site "Dubai UAE"]
[Date "2004.04.25"]
[Round "7"]
[White "Mchedlishvili,M"]
[Black "Mariano,N"]
[Result "1/2-1/2"]
[WhiteElo "2543"]
[BlackElo "2416"]

1.d4 Nf6 2.c4 g6 3.Nc3 Bg7 4.e4 d6 5.Nf3 O-O 6.Be2 e5 7.O-O Nc6 8.d5 Ne7
9.Be3 Ne8 10.Nd2 f5 11.f3 f4 12.Bf2 g5 13.c5 h5 14.Rc1 Rf6 15.cxd6 cxd6 16.Nb5 b6
17.Qa4 Bd7 18.Qa6 Bc8 19.Qa3 Bd7 20.Qa6 Bc8  1/2-1/2

[Event "ch-LTU"]
[Site "Vilnius LTU"]
[Date "2004.04.25"]
[Round "3"]
[White "Sakalauskas,V"]
[Black "Savickas,A"]
[Result "1-0"]
[WhiteElo "2437"]
[BlackElo "2234"]

1.Nf3 Nf6 2.d4 g6 3.c4 Bg7 4.Nc3 O-O 5.e4 d6 6.Be2 e5 7.O-O Nc6 8.d5 Ne7
9.Ne1 Nd7 10.Nd3 f5 11.Bd2 Nf6 12.f3 f4 13.c5 g5 14.cxd6 cxd6 15.Nf2 Kh8
16.Qc2 Neg8 17.Rfc1 a6 18.a4 h5 19.h3 Nh6 20.Qd1 Rg8 21.a5 g4 22.hxg4 hxg4
23.fxg4 Bf8 24.Na4 Bxg4 25.Nb6 Rb8 26.Ra3 Bxe2 27.Qxe2 Nh7 28.Qh5 Rg5 29.Qh3 Rg6
30.Rac3 Nf7 31.Qf5 Qg5 32.Qxg5 Nfxg5 33.Kf1 Nf6 34.Re1 Bh6 35.Nc8 f3 36.Ne7 Rg7
37.Nf5 Nh5 38.gxf3 Nxf3 39.Rxf3 Bxd2 40.Nxg7 Kxg7 41.Re2 Bxa5 42.Nd3 b5 43.Rc2 Kh6
44.Rf5 Rh8 45.Rxh5+  1-0

[Event "Corsica Hotels Masters"]
[Site "Bastia FRA"]
[Date "2004.04.29"]
[Round "5"]
[White "Vilaisarn,A"]
[Black "Calistri,T"]
[Result "1-0"]
[WhiteElo "2156"]
[BlackElo "2325"]

1.d4 Nf6 2.Nf3 g6 3.c4 Bg7 4.Nc3 O-O 5.e4 d6 6.Be2 e5 7.O-O Nc6 8.d5 Ne7
9.Bg5 h6 10.Bxf6 Bxf6 11.b4 Bg7 12.c5 f5 13.Nd2 fxe4 14.cxd6 cxd6 15.Ncxe4 Nf5
16.Nc4 b5 17.Na5 Qb6 18.Nc6 Bd7 19.Rc1 Rf7 20.a4 bxa4 21.Qxa4 Rc8 22.Qa6 Bf8
23.Qxb6 axb6 24.Ba6 Ra8 25.Ra1 Bxc6 26.dxc6 d5 27.Nc3 Bxb4 28.Nxd5 Bc5 29.Bb7 Rxa1
30.Rxa1 Nd6 31.c7 Bxf2+ 32.Kh1 Rxc7 33.Nxc7 Nxb7 34.g4 Nd6 35.Rf1 Bd4 36.Rf6 Ne4
37.Rxg6+ Kh7 38.Re6 Nf2+ 39.Kg2 Nxg4 40.Kg3 Ne3 41.Nb5 Bc5 42.Rxe5 Nf1+ 43.Kg2 Ne3+
44.Kf3 Nc2 45.Kg4 Nd4 46.Nxd4 Bxd4 47.Re6 Bc3 48.Rxb6 Bd2 49.Kf5 Kg7 50.Rb7+ Kg8
51.Kg6 Kf8 52.Rf7+ Ke8 53.Rf2 Bc1 54.Re2+ Kd7 55.h4 Bf4 56.Kf7 Kd6 57.Re4 Bc1
58.Re6+ Kd5 59.Ra6 Ke5 60.Kg6 Bd2 61.Ra2 Bc1 62.Re2+ Kd6 63.Kf5 Kd7 64.Re1 Ba3
65.Kg6 Be7 66.Re4 Bf8 67.Kf7 Bc5 68.Re6 Bf8 69.Rg6  1-0

[Event "9th Ivan Cvitanovic Mem"]
[Site "Split CRO"]
[Date "2004.05.01"]
[Round "1"]
[White "Saric,A"]
[Black "Ljubicic,F"]
[Result "1/2-1/2"]
[WhiteElo "2393"]
[BlackElo "2416"]

1.d4 Nf6 2.c4 g6 3.Nc3 Bg7 4.e4 d6 5.Be2 O-O 6.Nf3 e5 7.O-O Nc6 8.Re1 Qe8
9.Bf1 Bg4 10.d5 Nb4 11.Be2 a5 12.Be3 Bd7 13.Rf1 Ng4 14.Bd2 f5 15.Nb5 Rc8
16.a3 Na6 17.exf5 gxf5 18.Bxa5 Qg6 19.Nh4 Qg5 20.g3 f4 21.Bd2 e4 22.Qe1 Rce8
23.Ng2 e3 24.fxe3 fxe3 25.Rxf8+ Rxf8 26.Bc3 Nf2 27.Bf1 Nh3+ 28.Kh1 Bh6 29.Bd4 Nf2+
30.Kg1 Nh3+ 31.Kh1 Nf2+ 32.Kg1  1/2-1/2

[Event "FSIM May"]
[Site "Budapest HUN"]
[Date "2004.05.03"]
[Round "3"]
[White "Berczes,D"]
[Black "Wendt,J"]
[Result "1/2-1/2"]
[WhiteElo "2293"]
[BlackElo "2304"]

1.d4 Nf6 2.c4 g6 3.Nc3 Bg7 4.e4 d6 5.Nf3 O-O 6.Be2 e5 7.O-O Nc6 8.d5 Ne7
9.Bg5 Nh5 10.Ne1 Nf4 11.Nd3 Nxe2+ 12.Qxe2 h6 13.Be3 f5 14.f3 f4 15.Bf2 g5
16.c5 Ng6 17.Rfc1 Bd7 18.a4 a6 19.cxd6 cxd6 20.Nb1 h5 21.Nd2 g4 22.Kh1 g3
23.Bg1 gxh2 24.Bf2 b5 25.a5 Rf7 26.Bb6 Qg5 27.Rc2 Bf8 28.Rac1 Rg7 29.Rc7 h4
30.Qf1 Kh8 31.Nf2 Re8 32.Ra7 h3 33.gxh3 b4 34.Ng4 Bb5 35.Qf2 Rxa7 36.Bxa7 Be7
37.b3 Qh5 38.Qxh2 Rf8 39.h4 Rf7 40.Rc7 Kg7 41.Bb6 Bxh4 42.Rxf7+ Kxf7 43.Kg1 Bd7
44.Qh3 Bf2+ 45.Kg2 Bh4 46.Nc4 Ke7 47.Bc7 Bxg4 48.Qxg4 Qxg4+ 49.fxg4 Bg3 50.Bxd6+ Kf6
51.g5+ Kxg5 52.Nxe5 Nxe5 53.Bxe5 Kg4 54.Bf6 f3+ 55.Kf1 Kf4 56.e5 Kf5 57.d6 Ke6
58.Kg1 Kd7 59.Kf1 Ke6 60.Kg1  1/2-1/2

[Event "1st Open"]
[Site "Kranj SLO"]
[Date "2004.05.07"]
[Round "1"]
[White "Nikolov,Sas"]
[Black "Malnar,A"]
[Result "1-0"]
[WhiteElo "2392"]
[BlackElo "1918"]

1.d4 Nf6 2.c4 g6 3.Nc3 Bg7 4.e4 d6 5.Nf3 O-O 6.Be2 Nc6 7.O-O e5 8.d5 Ne7
9.Nd2 Nd7 10.b4 f5 11.c5 Nf6 12.f3 Kh8 13.Nc4 Neg8 14.a4 Rf7 15.a5 h6 16.b5 Nh5
17.Ba3 Bf8 18.b6 Nf4 19.bxc7 Qg5 20.g3 Nh3+ 21.Kh1 Nf6 22.cxd6 f4 23.Qe1 h5
24.Na4 Bg7 25.Nc5 h4 26.gxh4 Qh5 27.Ne6 Nxd5 28.exd5 e4 29.Nxg7 Qxd5 30.Ne8  1-0

[Event "Bundesliga w Playoff 2003-4"]
[Site "Baden Baden GER"]
[Date "2004.05.09"]
[Round "16"]
[White "Khurtsidze,N"]
[Black "Dembo,Y"]
[Result "1/2-1/2"]
[WhiteElo "2387"]
[BlackElo "2424"]

1.d4 Nf6 2.c4 g6 3.Nc3 Bg7 4.e4 d6 5.Nf3 O-O 6.Be2 e5 7.O-O Nc6 8.d5 Ne7
9.Be3 Ng4 10.Bd2 f5 11.exf5 gxf5 12.Nh4 Nf6 13.f4 Ng6 14.fxe5 Nxh4 15.Bg5 Ng6
16.exf6 Bxf6 17.Bxf6 Qxf6 18.Qb3 f4 19.Kh1 Qg7 20.Bf3 Ne5 21.Ne4 Bf5 22.Rae1 Rae8
23.Bh5 Ng6 24.Bxg6 Qxg6 25.Nf2 b6 26.Qf3 Rxe1 27.Rxe1 Re8 28.Rf1 Be4 29.Nxe4 Qxe4
30.Qh5 Rf8 31.b3 Kh8 32.h3 a5 33.Qd1 Re8 34.Qh5 Rf8 35.Qh4 Rg8 36.Qf6+ Rg7
37.Qd8+ Rg8 38.Qf6+ Rg7 39.Rg1 Qe3 40.Qd8+ Rg8 41.Qf6+ Rg7 42.Qd8+ Rg8 43.Qxc7 f3
44.Qxd6 Qg5 45.Qh2 Qe3 46.gxf3 Qxf3+ 47.Rg2 Rg6 48.Qe5+ Kg8 49.Qe2 Qxh3+
50.Kg1 Qh4 51.Qe8+ Kg7 52.Qe5+ Kg8 53.Qe6+ Kg7 54.Rxg6+ hxg6 55.Kg2 Qg5+
56.Kf3 Qh5+ 57.Qg4 Qh1+ 58.Kf4 Qh2+ 59.Ke4 Qxa2 60.Qd7+ Kh6 61.Qh3+ Kg7 62.Qd7+ Kh6
63.Qh3+ Kg7 64.Qd7+  1/2-1/2

[Event "CXSP Open"]
[Site "Sao Paulo BRA"]
[Date "2004.05.12"]
[Round "7"]
[White "Milos,G"]
[Black "Crosa,M"]
[Result "1-0"]
[WhiteElo "2599"]
[BlackElo "2395"]

1.d4 Nf6 2.Nf3 g6 3.c4 Bg7 4.Nc3 O-O 5.e4 d6 6.Be2 e5 7.O-O Nc6 8.d5 Ne7
9.Ne1 Nd7 10.Be3 f5 11.f3 f4 12.Bf2 g5 13.a4 h5 14.a5 Rf6 15.Nb5 Rg6 16.Nxa7 Nf6
17.Nxc8 Rxc8 18.Kh1 g4 19.Bh4 g3 20.Qb3 Nh7 21.c5 Bf6 22.Bxf6 Rxf6 23.c6 bxc6
24.dxc6+ Kg7 25.Ba6 Rb8 26.Qc2 Nxc6 27.Qxc6 d5 28.Qc3 Rxa6 29.Qxe5+ Qf6 30.Qxc7+ Kh6
31.Qxb8 Qh4 32.h3 Ng5  1-0

[Event "TCh-SCG"]
[Site "Petrovac SCG"]
[Date "2004.05.16"]
[Round "1"]
[White "Jovanovic,ST"]
[Black "Djukic,Ni"]
[Result "1/2-1/2"]
[WhiteElo "2287"]
[BlackElo "2449"]

1.d4 Nf6 2.c4 g6 3.Nc3 Bg7 4.e4 d6 5.Nf3 O-O 6.Be2 e5 7.O-O Nc6 8.d5 Ne7
9.Bd2 Nh5 10.a3 f5 11.Ng5 Nf6 12.f3 f4 13.g4 c6 14.Qb3 h6 15.Ne6 Bxe6 16.dxe6 Qc8
17.Rfd1 b6 18.Be1 Rd8 19.a4 Qxe6 20.a5 b5 21.a6 Kh7 22.Ra3 bxc4 23.Bxc4 d5
24.Be2 Rab8 25.Qc2 Nc8 26.Bf2 d4 27.Na4 Bf8 28.Bc4 Qe8 29.Rb3 Nd6 30.Bd3 Rxb3
31.Qxb3 Nd7 32.Rc1 Rc8 33.Nc5 Rb8 34.Nxd7 Rxb3 35.Nf6+ Kg7 36.Nxe8+ Nxe8
37.Bc2 Rxb2 38.Ba4 Rb6 39.Rxc6 Rxc6 40.Bxc6 Nc7 41.Bb7 Bb4 42.Kf1 Kf6 43.Ke2 Nb5
44.Kd3 Nd6 45.Bc6 g5 46.h4 Ke7 47.h5 Kd8 48.Bd5 Kc7 49.Bxd4 exd4 50.Kxd4 Kd7
51.e5 Ne8 52.Ke4 Ng7 53.Bc4 Kc6 54.Bd5+ Kd7 55.Bb7 Bc3 56.Kd5 Ne6 57.Bc8+ Kxc8
58.Kxe6 Kc7 59.Kf7 Bxe5 60.Kg6 Kb6 61.Kxh6 Kxa6 62.Kxg5 Kb5 63.Kf5 Bc3 64.g5 a5
65.h6 a4 66.g6 a3 67.g7 a2 68.g8=Q a1=Q 69.Qb8+  1/2-1/2

[Event "TCh-SCG"]
[Site "Petrovac SCG"]
[Date "2004.05.16"]
[Round "1"]
[White "Nikcevic,N"]
[Black "Popadic,Dr"]
[Result "1-0"]
[WhiteElo "2451"]
[BlackElo "2292"]

1.Nf3 Nf6 2.c4 g6 3.Nc3 Bg7 4.e4 d6 5.d4 O-O 6.Be2 e5 7.O-O Nc6 8.d5 Ne7
9.Bg5 h6 10.Bxf6 Bxf6 11.b4 Bg7 12.Nd2 c6 13.Rc1 cxd5 14.cxd5 f5 15.Nb5 a6
16.Nc7 Rb8 17.a4 fxe4 18.Nxe4 Nf5 19.Bg4 Qe7 20.b5 Nd4 21.Bxc8 Rbxc8 22.b6 h5
23.Qd3 Bh6 24.Rc4 Kh7 25.Re1 Qd7 26.a5 Bf4 27.Ne6 Nxe6 28.dxe6 Qxe6 29.Rxc8 Rxc8
30.Qxd6 Qf7 31.g3 Rc6 32.Qd8 Bh6 33.Rd1 Qf8 34.Rd7+  1-0

[Event "ch-URU"]
[Site "Montevideo URU"]
[Date "2004.05.18"]
[Round "6"]
[White "Bauza,A"]
[Black "Etcheverz,I"]
[Result "1-0"]
[WhiteElo "2211"]
[BlackElo "2105"]

1.Nf3 Nf6 2.c4 g6 3.Nc3 Bg7 4.e4 d6 5.d4 O-O 6.Be2 e5 7.O-O Nc6 8.d5 Ne7
9.Nd2 Ne8 10.b4 f5 11.c5 Nf6 12.Qb3 Kh8 13.cxd6 cxd6 14.b5 fxe4 15.Ba3 b6
16.Ndxe4 Nexd5 17.Nxd6 Be6 18.Nxd5 Bxd5 19.Bc4 Bxc4 20.Qxc4 Qd7 21.Rad1 h6
22.Qe2 Qe6 23.f4 Qg4 24.Qc4 exf4 25.Nf7+ Rxf7 26.Qxf7 Rc8 27.Rd2 Qg5 28.Bb2 Rf8
29.Qb7 f3 30.Rdf2 fxg2 31.Rxg2 Qe3+ 32.Kh1  1-0